| 000 | 00568nam a2200169Ia 4500 | ||
|---|---|---|---|
| 008 | 180921t2018 xxu||||| |||| 00| 0 sin d | ||
| 041 | _asin | ||
| 080 |
_a781 _bආරිය |
||
| 100 | _aආරියරත්න, සුනිල් | ||
| 245 | _aනූතන ගේය කාව්ය සංහිතා ඌන පූර්නය | ||
| 246 | _aNuuthana geaya kaawya sanhithaa uuna purnaya | ||
| 260 |
_bගොඩගේ _aකොළඹ _c2018 |
||
| 300 | _bපි.128, සෙ.මි.21 | ||
| 942 | _cBK | ||
| 999 |
_c6810 _d6810 |
||
| 003 | LK-CoDNM | ||
| 040 |
_aLK-CoDNM _dLK-CoDNM _eLK-CoDNM |
||